Sports Quiz

Random Sports or Baseball Quiz

MLB All-Star Starting Pitchers (NL) Quiz Stats

 Plays Quiz Updated Sep 10, 2018

Score 0/89 Timer 10:00
6 Plays Today
Year Name % Correct
2001Randy Johnson
92.2%
2000Randy Johnson
92.2%
2018Max Scherzer
90.3%
1994Greg Maddux
86.3%
1997Greg Maddux
86.3%
1998Greg Maddux
86.3%
2017Max Scherzer
86.1%
1991Tom Glavine
83.4%
1992Tom Glavine
83.4%
2009Tim Lincecum
81.4%
1996John Smoltz
80.7%
1999Curt Schilling
79.9%
2002Curt Schilling
79.9%
2011Roy Halladay
76.5%
1966Sandy Koufax
73.3%
2014Adam Wainwright
71.9%
2012Matt Cain
70.8%
2005Chris Carpenter
69.4%
2013Matt Harvey
68.8%
1972Bob Gibson
68.8%
2015Zach Greinke
67.7%
1986Dwight Gooden
66.4%
1988Dwight Gooden
66.4%
1970Tom Seaver
64.2%
2004Roger Clemens
61.2%
1969Steve Carlton
60.1%
1979Steve Carlton
60.1%
2007Jake Peavy
59.7%
1959 (1)Don Drysdale
58.1%
1959 (2)Don Drysdale
58.1%
Year Name % Correct
1962 (1)Don Drysdale
58.1%
1964Don Drysdale
58.1%
1968Don Drysdale
58.1%
2010Ubaldo Jimenez
54.9%
1981Fernando Valenzuela
50.4%
2016Johnny Cueto
50.3%
1949Warren Spahn
45.3%
1958Warren Spahn
45.3%
1961 (1)Warren Spahn
45.3%
1936Dizzy Dean
43.6%
1937Dizzy Dean
43.6%
1987Mike Scott
43.6%
1965Juan Marichal
43.4%
1967Juan Marichal
43.4%
1950Robin Roberts
42.2%
1951Robin Roberts
42.2%
1953Robin Roberts
42.2%
1954Robin Roberts
42.2%
1955Robin Roberts
42.2%
2008Ben Sheets
40.1%
1977Don Sutton
36.8%
2003Jason Schmidt
34.8%
1995Hideo Nomo
34.4%
1976Randy Jones
34.2%
1980J.R. Richard
31.1%
1982Steve Rogers
27%
1934Carl Hubbell
22.6%
2006Brad Penny
20.1%
1983Mario Soto
19.3%
1989Rick Reuschel
18.9%
Year Name % Correct
1971Dock Ellis
18.8%
1978Vida Blue
18.4%
1960 (2)Vern Law
14.6%
1938Johnny Vander Meer
13.4%
1993Terry Mulholland
13.3%
1956Bob Friend
12.3%
1960 (1)Bob Friend
12.3%
1962 (2)Johnny Podres
11.5%
1985LaMarr Hoyt
11.2%
1990Jack Armstrong
10.8%
1974Andy Messersmith
10.7%
1975Jerry Reuss
10.6%
1942Mort Cooper
9.7%
1943Mort Cooper
9.7%
1973Rick Wise
8.9%
1984Charlie Lea
7.9%
1952Curt Simmons
7.9%
1957Curt Simmons
7.9%
1944Bucky Walters
7.9%
1948Ralph Branca
6.4%
1939Paul Derringer
5.8%
1940Paul Derringer
5.8%
1963Jim O'Toole
5.5%
1961 (2)Bob Purkey
5.2%
1935Bill Walker
5.2%
1947Ewell Blackwell
4.5%
1941Whit Wyatt
3.3%
1933Bill Hallahan
3%
1946Claude Passeau
2.9%

You're not logged in!

Compare scores with friends on all Sporcle quizzes.
OR
Log In

You Might Also Like...

Show Comments

Extras

Top Quizzes Today


Score Distribution

Your Account Isn't Verified!

In order to create a playlist on Sporcle, you need to verify the email address you used during registration. Go to your Sporcle Settings to finish the process.

Report this User

Report this user for behavior that violates our Community Guidelines.

Details: